00209nam a2200085Ia 4500008004100000041000800041100002000049245002300069260003100092241105s9999 xx 000 0 und d aeng aAdhav Apoorva A aAgritourist Resort bBNCA B-Arch ID, Punec2016